00949nam a2200289Ia 4500003000400000005001700004006001800021007000300039008004100042024001100083037001100094040001800105041001300123100001400136110008900150245012500239260000900364300001800373650001700391700002500408700003900433700003600472700003100508700008900539942001200628999001900640OSt20220930085950.0a|||||r|||| 00| 0ta220926b |||||||| |||| 00| 0 eng d a108077 cTheses aCRLcCRLbeng 2engaeng aRaj Kumar aUniversity of Delhi. Faculty of Medical Sciences. Department of Pharmacology9522434 0aEstrogen receptor alpha (CODON 325) polymorphism in breast cancer patients and healthy volunteers b A comparative study c2009 a81p.ap.ccm. aPHARMACOLOGY a Dr. A. K. Kakar Gu. a Dr. Anita Chakravarti Gu.9536892 a Dr. Shalini Chawla Gu.9541575 a Dr. Uma Tekur Gu.9536949 aUniversity of Delhi. Faculty of Medical Sciences. Department of Pharmacology9522436 cDIS2CC c879843d879843